Martin

Bibliographic Details
Other Authors: Rozman, Ladislav, 1898-1986 (Photographer)
Format: Postcard
Language:Slovak
PhysicalDescription:1 pohľadnica čiernobiela 11 x 15 cm
Published: [Bratislava] VPL 1968
Subjects:

MARC

LEADER 00000nkm a2200000 a 4500
001 vtls010860119
003 SK-MaSNL
005 20260512125059.0
007 kp bo
008 231214s1968 xo g kuslo
015 |a SNBG 
035 |a 30F64C87-F986-4073-B81E-4C8F97EBE275 
035 |a urn:nbn:sk:snk-kmy0mr 
035 |a urn:nbn:sk:snk-km007x6a 
040 |a SNK  |b slo  |c SNK  |e AACR2 
041 0 |a slo 
043 |a e-xo--- 
044 |a xo  |c SK 
080 |a 908(437.6)  |2 2001 
080 |a (084.121)  |2 2001 
080 |a 721  |2 2001 
080 |a 711.4  |2 2001 
080 |a 911.375  |2 2001 
100 1 |a Rozman, Ladislav,  |d 1898-1986  |4 pht  |9 5062 
245 1 0 |a Martin  |h grafika  |c foto Ladislav Rozman 
260 |a [Bratislava]  |b VPL  |c 1968 
300 |a 1 pohľadnica  |b čiernobiela  |c 11 x 15 cm 
650 0 7 |a budovy  |2 SNKPH  |9 1283 
650 0 7 |a mestá  |2 SNKPH  |9 2929 
651 7 |a Martin (Slovensko)  |2 SNKPH  |9 16875 
655 7 |a miestne pohľadnice  |2 SNKPH  |9 70510 
852 |a Slovenská národná knižnica 
958 |a GC 
958 |a GBN 
958 |a OND 
999 |c 1014213  |d 1016143 
952 |t P60, <03>, [BOOK], {603}  |a SNK  |b SNK  |y PREZ  |7 0  |p 17A0172291  |o snkSP 1410  |0 0  |1 0  |4 0  |d 2001-02-06  |f 1  |l 0  |r 2005-01-02 00:00:00  |w 2026-02-24